Entry Nombre personal
001 - NÚMERO DE CONTROL
- campo de control: 34532
003 - IDENTIFICADOR DE NÚMERO DE CONTROL
- campo de control: SpMaBN
005 - FECHA Y HORA DE LA ÚLTIMA TRANSACCIÓN
- campo de control: 20230605140917.0
008 - ELEMENTOS DE DATO DE LONGITUD-FIJA
- campo de control de longitud fija: 901120nn aijnnaabn a aaa
016 ## - NÚMERO DE CONTROL DE UNA AGENCIA BIBLIOGRÁFICA NACIONAL
- Número de control del registro: BNE19900029584
024 7# - IDENTIFICADOR DE OTROS ESTÁNDARES
- Número estándar o código: http://viaf.org/viaf/195303424/
- Fuente: viaf
024 8# - IDENTIFICADOR DE OTROS ESTÁNDARES
- Número estándar o código: https://data.cervantesvirtual.com/person/74720
024 7# - IDENTIFICADOR DE OTROS ESTÁNDARES
- Número estándar o código: https://isni.org/isni/000000035728940X
- Fuente: isni
024 7# - IDENTIFICADOR DE OTROS ESTÁNDARES
- Número estándar o código: http://www.wikidata.org/entity/Q11236044
- Fuente: wikidata
040 ## - FUENTE DE CATALOGACIÓN
- Centro catalogador/agencia de origen: SpMaBN
- Lengua de catalogación: spa
- Centro/agencia transcriptor: SpMaBN
- Normas de descripción: rdc
- Convención/Normas de encabezamiento de materia/tesauro: embne
042 ## - CÓDIGO DE AUTENTICACIÓN
- Código de autenticación: NORM20191211
046 ## - FECHAS CON CODIFICACIÓN ESPECIAL
- Fecha de nacimiento: 1912
- Fecha de la muerte: 1999
100 1# - ENCABEZAMIENTO-NOMBRE DE PERSONA
- Nombre de persona: Cano, José Luis,
- Fechas asociadas al nombre: 1912-1999
370 ## - LUGAR ASOCIADO
- Lugar de nacimiento: España, Andalucía, Cádiz (Provincia), Algeciras
- Fuente del término: embne
370 ## - LUGAR ASOCIADO
- Lugar de fallecimiento: España, Madrid (Comunidad Autónoma), Madrid
- Fuente del término: embne
370 ## - LUGAR ASOCIADO
- Lugar de nacimiento: Algeciras, Cádiz, España
- Fuente de información: (Wikidata)
- Número de control del registro de autoridad o número normalizado: XX451589
372 ## - CAMPO DE ACTIVIDAD
- Campo de actividad: Poesias
- Fuente del término: tgfbne
372 ## - CAMPO DE ACTIVIDAD
- Campo de actividad: Crítica literaria
- Fuente del término: embne
372 ## - CAMPO DE ACTIVIDAD
- Campo de actividad: Generación del 36
- Campo de actividad: Generación del 27
- Fuente de información: Wikidata
373 ## - GRUPO ASOCIADO
- Grupo asociado: Ateneo de Madrid
- Fuente de información: Ateneístas ilustres II (2007)
374 ## - OCUPACIÓN
- Ocupación: Poetas
- Ocupación: Críticos literarios
- Ocupación: Escritores
- Fuente de información: Wikidata
375 ## - GÉNERO/SEXO
- Género: Masculino
377 ## - IDIOMA ASOCIADO
- Término de lengua/lenguaje: Español
400 1# - TRAZADO DE VÉASE--NOMBRE DE PERSONA
- Nombre de persona: Cano García de la Torre, José Luis,
- Fechas asociadas al nombre: 1912-1999
670 ## - FUENTE DE DATOS ENCONTRADOS
- Cita de la fuente: Antonio Machado, 1982
- Información encontrada: port. (José Luis Cano)
670 ## - FUENTE DE DATOS ENCONTRADOS
- Cita de la fuente: Espasa
- Información encontrada: (Cano, José Luis; crítico y poeta español, n. en Algeciras en 1912)
670 ## - FUENTE DE DATOS ENCONTRADOS
- Cita de la fuente: Dic. de escritores, 1996
- Información encontrada: (Cano, José Luis; n. en Algeciras, 28-12-1911; escribe poesía, ensayo y narrativa)
670 ## - FUENTE DE DATOS ENCONTRADOS
- Cita de la fuente: Dic. enc. ilustrado Durvan, 2002
- Información encontrada: (Cano, José Luis (1912-1999); poeta y crítico literario español)
670 ## - FUENTE DE DATOS ENCONTRADOS
- Cita de la fuente: WWW Wikipedia, 11-12-2019
- Información encontrada: (José Luis Cano (Algeciras, 28 de diciembre de 1911 – Madrid, 15 de febrero de 1999).Escritor y crítico español. Poeta. Se le considera uno de los mejores conocedores de la poesía de la generación del 27 y de la generación del 36)
- Identificador Uniforme de Recursos: https://es.wikipedia.org/wiki/Jos%C3%A9_Luis_Cano_Garc%C3%ADa_ de_la_Torre
670 ## - FUENTE DE DATOS ENCONTRADOS
- Cita de la fuente: WWW BN España aut., 30/5/2023
- Información encontrada: (Cano, José Luis, 1912-1999)
678 ## - DATOS BIOGRÁFICOS O HISTÓRICOS
- Datos biográficos o históricos: Socio del Ateneo de Madrid
- Ampliación de la nota: Fuente: Ateneístas ilustres II (2007)
856 4# - LOCALIZACIÓN Y ACCESO ELECTRÓNICOS
- Identificador Uniforme de Recursos: http://dialnet.unirioja.es/servlet/autorExterno/BNE/873709
